| 000 | 00393nam a2200157 a 4500 | ||
|---|---|---|---|
| 001 | 3148 | ||
| 003 | CDMR | ||
| 005 | 20260515062531.0 | ||
| 008 | 130130s1987||||||||||||||||||||||||||||d | ||
| 040 |
_aCDMR _bcat _cCPC LLEIDA |
||
| 100 | 1 |
_aRovira, Pere _92297 |
|
| 245 | 1 | 0 |
_aPoesÃa actual _cPere Rovira |
| 260 |
_aLleida _c1987 _bUniversitat de Lleida |
||
| 490 | 0 |
_aScriptura _v10 |
|
| 942 |
_cMON _2udc |
||
| 999 |
_c3148 _d3148 |
||